[Event "Russian Rapid GP 2015"]
[Site "Khanty-Mansiysk RUS"]
[Date "2015.12.13"]
[Round "5"]
[White "Ubiennykh, Ekaterina"]
[Black "Evdokimov, Alexander A."]
[Result "0-1"]
[WhiteTitle "WIM"]
[BlackTitle "GM"]
[WhiteElo "2283"]
[BlackElo "2490"]
[WhiteFideId "4137582"]
[BlackFideId "4139275"]
[EventDate "2015.12.13"]

1. d4 Nf6 2. c4 c5 3. d5 g6 4. Nc3 Bg7 5. e4 O-O 6. Bd3 d6 7. h3 e6 8. Nf3 Na6
9. O-O Nc7 10. Bg5 h6 11. Be3 b6 12. Qd2 Kh7 13. Rad1 e5 14. Nh2 Qe7 15. f4 exf4
16. Bxf4 Nd7 17. Nf3 Ne5 18. Nxe5 dxe5 19. Be3 Ne8 20. Nb5 Bd7 21. a4 a5 22. d6
Nxd6 23. Nc7 Bxa4 24. Nxa8 Rxa8 25. Rde1 Rd8 26. Qe2 Ne8 27. Rf3 Nc7 28. Ref1
Be8 29. Bc2 Ne6 30. Rd1 Rxd1+ 31. Qxd1 Bc6 32. Bf2 Qb7 33. Qd6 Ng5 34. Rb3 a4
35. Rxb6 Qxb6 36. Bxa4 Nxe4 37. Qxc6 Qxb2 38. Qxe4 Qa1+ 39. Kh2 Qxa4 40. Bxc5
Qd7 41. g4 f5 42. gxf5 gxf5 43. Qd5 Qa4 44. Bd6 Qc2+ 45. Kg1 Qc1+ 46. Kf2 Qc2+
47. Kf1 Qc1+ 48. Ke2 Qc2+ 49. Kf1 Qc1+ 50. Ke2 Qb2+ 51. Kf1 Qb3 52. Kg2 Qb2+ 53.
Kf1 Qb1+ 54. Kg2 Qc2+ 55. Kf1 Qh2 56. Qf3 Qc2 57. c5 Qc1+ 58. Kg2 Qg5+ 59. Kf1
e4 60. Qf4 Qh5 61. h4 Bd4 62. Ke1 Qg6 63. Kd1 Qg1+ 64. Ke2 Qg2+ 65. Kd1 Qg1+ 66.
Ke2 Qg2+ 67. Kd1 Qh3 68. Bf8 Qd3+ 69. Ke1 Bc3+ 70. Kf2 Bd4+ 71. Kg2 Qe2+ 72. Kh3
Qd3+ 73. Kg2 e3 74. Qxh6+ Kg8 75. Bd6 Qe4+ 76. Kh3 e2 77. Qg6+ Bg7 0-1

[Event "Russian Rapid GP 2015"]
[Site "Khanty-Mansiysk RUS"]
[Date "2015.12.14"]
[Round "6"]
[White "Bocharov, Dmitry"]
[Black "Evdokimov, Alexander A."]
[Result "1-0"]
[WhiteTitle "GM"]
[BlackTitle "GM"]
[WhiteElo "2558"]
[BlackElo "2490"]
[WhiteFideId "4138716"]
[BlackFideId "4139275"]
[EventDate "2015.12.13"]

1. d4 Nf6 2. c4 e6 3. Nf3 b6 4. Nc3 Bb4 5. e3 Bb7 6. Bd3 O-O 7. O-O d5 8. cxd5
exd5 9. a3 Bd6 10. b4 Nbd7 11. Qc2 a6 12. Bb2 Re8 13. Ne2 Ne4 14. Ng3 g6 15.
Rac1 Rc8 16. Qe2 Ra8 17. Rc2 Qe7 18. Rfc1 b5 19. Nd2 Nb6 20. Nb3 Nxg3 21. hxg3
Nc4 22. Nc5 Bc6 23. Qf3 Qg5 24. Re2 Bxc5 25. dxc5 Nxb2 26. Rxb2 Re6 27. Qf4 Qxf4
28. gxf4 d4 29. Re1 Rae8 30. Rbe2 dxe3 31. Rxe3 Rxe3 32. Rxe3 Rxe3 33. fxe3 f5
34. g3 Kf7 35. Kf2 Kf6 36. Ke2 h6 37. Kd2 g5 38. Kc3 g4 39. Kd4 h5 40. e4 h4 41.
e5+ Ke6 42. gxh4 g3 43. Ke3 Bd7 44. Kf3 Kd5 1-0

[Event "Russian Rapid GP 2015"]
[Site "Khanty-Mansiysk RUS"]
[Date "2015.12.14"]
[Round "6"]
[White "Smirnov, Pavel"]
[Black "Girya, Olga"]
[Result "1-0"]
[WhiteTitle "GM"]
[BlackTitle "WGM"]
[WhiteElo "2595"]
[BlackElo "2456"]
[WhiteFideId "4123425"]
[BlackFideId "4195752"]
[EventDate "2015.12.13"]

1. d4 d5 2. c4 c6 3. cxd5 cxd5 4. Bf4 Nf6 5. Nc3 Nc6 6. e3 Bf5 7. Qb3 Na5 8.
Qa4+ Bd7 9. Qc2 Rc8 10. Bd3 e6 11. Nf3 Be7 12. h3 a6 13. O-O O-O 14. Ne5 Bb5 15.
Bxb5 axb5 16. Qe2 b4 17. Na4 Nc4 18. Nd3 Nd7 19. Rac1 Qa5 20. b3 Na3 21. Ndc5
Bxc5 22. dxc5 Nxc5 23. Nxc5 Rxc5 24. Bd6 Rxc1 25. Rxc1 Ra8 26. Qg4 Qd8 27. Qxb4
h6 28. Qxb7 Nb5 29. Be5 Qe8 30. a4 Na7 31. Rc7 Nc8 1-0

[Event "Russian Rapid GP 2015"]
[Site "Khanty-Mansiysk RUS"]
[Date "2015.12.14"]
[Round "6"]
[White "Dordzhieva, Dinara"]
[Black "Shomoev, Anton"]
[Result "0-1"]
[WhiteTitle "WIM"]
[BlackTitle "GM"]
[WhiteElo "2230"]
[BlackElo "2561"]
[WhiteFideId "24157570"]
[BlackFideId "4135148"]
[EventDate "2015.12.13"]

1. Nf3 g6 2. d4 Bg7 3. c4 c5 4. d5 d6 5. Qc2 e6 6. Nc3 Ne7 7. e4 a6 8. a4 O-O 9.
Be2 h6 10. h3 Nd7 11. Be3 b6 12. Rd1 exd5 13. cxd5 f5 14. Qc1 g5 15. h4 f4 16.
hxg5 fxe3 17. gxh6 exf2+ 18. Kf1 Bf6 19. e5 Nxe5 20. Ne4 Nf5 21. Qf4 Kh8 22.
Nxf2 Nxf3 23. gxf3 Be5 0-1

[Event "Russian Rapid GP 2015"]
[Site "Khanty-Mansiysk RUS"]
[Date "2015.12.14"]
[Round "6"]
[White "Anikonov, Dmitry"]
[Black "Maletin, Pavel"]
[Result "0-1"]
[WhiteTitle "FM"]
[BlackTitle "GM"]
[WhiteElo "2370"]
[BlackElo "2577"]
[WhiteFideId "24178012"]
[BlackFideId "4146786"]
[EventDate "2015.12.13"]

1. d4 Nf6 2. c4 e6 3. Nf3 b6 4. a3 Bb7 5. Nc3 d5 6. Qa4+ Bc6 7. Qc2 dxc4 8. e4
b5 9. Bg5 Be7 10. O-O-O O-O 11. d5 exd5 12. exd5 Bd7 13. Nd4 a6 14. Bf4 Qc8 15.
g4 Bxg4 16. f3 Bh5 17. Nf5 Re8 18. Bh3 Nbd7 19. Qg2 Bg6 20. Nxe7+ Rxe7 21. d6
cxd6 22. Bxd6 Re8 23. f4 Nc5 24. Bxc5 Qxc5 25. Rhe1 Rxe1 26. Rxe1 Rd8 27. Qg3 h6
28. f5 Bh7 29. Re5 Qd4 30. Qe1 Qf4+ 31. Qe3 Qxe3+ 32. Rxe3 Re8 33. Rxe8+ Nxe8
34. Nd5 Kf8 35. f6 Be4 36. fxg7+ Kxg7 37. Nc3 Bb7 38. Kd2 Kf6 39. Ke3 Ke5 40.
Ne2 Nf6 41. Ng3 Nd5+ 42. Kd2 Nf4 43. Bd7 Ne6 44. Kc3 Nc5 45. Bh3 a5 0-1

[Event "Russian Rapid GP 2015"]
[Site "Khanty-Mansiysk RUS"]
[Date "2015.12.14"]
[Round "7"]
[White "Alekseev, Evgeny"]
[Black "Bocharov, Dmitry"]
[Result "1-0"]
[WhiteTitle "GM"]
[BlackTitle "GM"]
[WhiteElo "2642"]
[BlackElo "2558"]
[WhiteFideId "4138147"]
[BlackFideId "4138716"]
[EventDate "2015.12.13"]

1. e4 d6 2. d4 Nf6 3. Nc3 g6 4. Nf3 Bg7 5. Be2 O-O 6. O-O a6 7. Qd3 Nc6 8. d5
Nb8 9. a4 a5 10. Be3 Na6 11. Rad1 e5 12. dxe6 Bxe6 13. Qd2 Re8 14. Nd4 Bd7 15.
f3 Nb4 16. Bc4 c6 17. Bf2 Qc7 18. Bb3 Rad8 19. Bh4 Bc8 20. Kh1 Qe7 21. Rfe1 h6
22. Bf2 Nd7 23. Nde2 Nc5 24. Bc4 Be6 25. Bxe6 Nxe6 26. Bb6 Ra8 27. Nc1 Be5 28.
Bg1 Qg5 29. Nd3 Qf6 30. Nxe5 dxe5 31. Ne2 h5 32. Qc1 h4 33. c3 Na6 34. h3 Nac5
35. Qc2 Rad8 36. b4 axb4 37. cxb4 Na6 38. b5 Nb4 39. Qc4 c5 40. a5 Qe7 41. Nc3
Nd4 42. Na4 Rc8 43. Rc1 Qc7 44. Nb6 Qd6 45. Nxc8 Rxc8 46. Red1 Qf6 47. Bxd4 exd4
48. Rxd4 Na2 49. Rcd1 Nb4 50. Rd6 Qg5 51. Rd7 Qf4 52. Rxb7 Re8 53. a6 1-0

[Event "Russian Rapid GP 2015"]
[Site "Khanty-Mansiysk RUS"]
[Date "2015.12.14"]
[Round "7"]
[White "Shomoev, Anton"]
[Black "Anikonov, Dmitry"]
[Result "1/2-1/2"]
[WhiteTitle "GM"]
[BlackTitle "FM"]
[WhiteElo "2561"]
[BlackElo "2370"]
[WhiteFideId "4135148"]
[BlackFideId "24178012"]
[EventDate "2015.12.13"]

1. e4 Nc6 2. Nf3 d6 3. d4 Nf6 4. Nc3 g6 5. Be3 Bg7 6. Qd2 O-O 7. h3 e5 8. dxe5
Nxe5 9. O-O-O Qe7 10. Nh2 Be6 11. Ng4 Nfxg4 12. hxg4 Nxg4 13. Bg5 Bxc3 14. Bxe7
Bxd2+ 15. Rxd2 Rfe8 16. Bh4 a6 17. f3 Ne5 18. Bf6 Nd7 19. Bc3 f6 20. g4 Rf8 21.
Rdh2 Rf7 22. Be2 d5 23. exd5 Bxd5 24. Rd1 c6 25. Bd4 Ne5 26. Rf2 Re8 27. b3 Rfe7
28. c4 Bf7 29. Rd2 b5 30. Bc5 Rd7 31. f4 Rxd2 32. Kxd2 Nd7 33. Be3 bxc4 34. bxc4
c5 35. Rf3 Nb6 36. Kc3 Rb8 37. Bc1 Re8 38. Re3 h5 39. Rxe8+ Bxe8 40. gxh5 gxh5
41. Be3 Na4+ 42. Kb3 h4 43. Bg4 Kg7 44. Bf2 Nb6 45. Bxc5 Bd7 46. f5 Nc8 47. Kb4
Bc6 48. Bf2 Ne7 49. Bxh4 Bd7 50. Ka5 Nxf5 51. Bf2 Bc8 52. Kb6 Kg6 53. c5 Kg5 54.
Be2 Ne7 55. c6 Nd5+ 56. Ka5 Ne7 57. c7 Nd5 58. Bb6 Be6 59. Bxa6 Nxc7 60. Be3+
Kh4 61. Bf2+ Kg5 62. Be3+ Kh4 63. Bf2+ Kg5 64. Be3+ Kh4 1/2-1/2

[Event "Russian Rapid GP 2015"]
[Site "Khanty-Mansiysk RUS"]
[Date "2015.12.14"]
[Round "7"]
[White "Girya, Olga"]
[Black "Pridorozhni, Aleksei"]
[Result "0-1"]
[WhiteTitle "WGM"]
[BlackTitle "GM"]
[WhiteElo "2456"]
[BlackElo "2563"]
[WhiteFideId "4195752"]
[BlackFideId "4127870"]
[EventDate "2015.12.13"]

1. d4 d6 2. Nf3 Bg4 3. g3 Bxf3 4. exf3 d5 5. Bg2 e6 6. O-O g6 7. Nc3 Bg7 8. Ne2
Ne7 9. c3 O-O 10. h4 Nd7 11. g4 c5 12. dxc5 Nxc5 13. Be3 Rc8 14. f4 b6 15. Nd4
Ne4 16. h5 Nd6 17. Bh3 Nc6 18. g5 Nxd4 19. cxd4 gxh5 20. Qxh5 f5 21. Rfc1 Qe8
22. Qxe8 Rfxe8 23. Bf1 Rxc1 24. Rxc1 Rc8 25. Rxc8+ Nxc8 26. Bd3 Nd6 27. Kf1 Kf7
28. a4 Nc4 29. b4 Bf8 30. b5 Bg7 31. Ke2 Nb2 32. Bc2 Kg6 33. Kd2 Nc4+ 34. Kd3
Kh5 35. Bb3 Nd6 36. Bd2 Ne4 37. Be1 Bf8 38. Bd1+ Kg6 39. f3 Nd6 40. Bb4 Kf7 41.
Bxd6 Bxd6 42. Ke3 Ba3 43. Kf2 Bb2 44. Kg3 Bxd4 45. Kh4 Be3 46. Kh5 Kg7 47. Bc2
Bxf4 48. Bb3 Kf7 49. Kh6 Ke7 50. Kxh7 Bxg5 51. Kg6 Bd2 52. Bc2 Kd6 53. Kf6 Bc3+
54. Kg5 Ke5 55. Bb3 Bd2+ 56. Kg6 Kf4 57. Kf6 e5 58. Bxd5 e4 59. fxe4 fxe4 60.
Ke6 e3 61. Bc4 Kf3 0-1

[Event "Russian Rapid GP 2015"]
[Site "Khanty-Mansiysk RUS"]
[Date "2015.12.14"]
[Round "7"]
[White "Ubiennykh, Ekaterina"]
[Black "Belous, Vladimir"]
[Result "0-1"]
[WhiteTitle "WIM"]
[BlackTitle "GM"]
[WhiteElo "2283"]
[BlackElo "2557"]
[WhiteFideId "4137582"]
[BlackFideId "4174003"]
[EventDate "2015.12.13"]

1. d4 Nf6 2. c4 g6 3. Nc3 Bg7 4. e4 d6 5. Be2 O-O 6. Be3 Na6 7. Qd2 c5 8. d5 e6
9. O-O-O exd5 10. cxd5 Bd7 11. f3 Rb8 12. g4 b5 13. e5 dxe5 14. h4 e4 15. Nxe4
Nxe4 16. fxe4 Re8 17. Bf3 b4 18. Ne2 Qa5 19. Kb1 c4 20. Bd4 c3 21. Qc2 b3 22.
axb3 Nb4 23. Qxc3 Rbc8 24. Bxg7 Qa2+ 25. Kc1 Qxb3 26. Kd2 Rxc3 27. Bxc3 Bxg4 28.
Nd4 Qc4 29. Bxg4 Qd3+ 30. Ke1 Rxe4+ 31. Be2 Qg3+ 32. Kd2 Qe3+ 33. Ke1 Nc2+ 0-1

[Event "Russian Rapid GP 2015"]
[Site "Khanty-Mansiysk RUS"]
[Date "2015.12.14"]
[Round "8"]
[White "Belous, Vladimir"]
[Black "Evdokimov, Alexander A."]
[Result "0-1"]
[WhiteTitle "GM"]
[BlackTitle "GM"]
[WhiteElo "2557"]
[BlackElo "2490"]
[WhiteFideId "4174003"]
[BlackFideId "4139275"]
[EventDate "2015.12.13"]

1. c4 Nf6 2. Nc3 c5 3. g3 g6 4. Bg2 Bg7 5. Nf3 O-O 6. d4 cxd4 7. Nxd4 Nc6 8. O-O
Qa5 9. Nb3 Qh5 10. c5 a5 11. h3 d6 12. g4 Bxg4 13. hxg4 Nxg4 14. Bf4 a4 15. Nd2
a3 16. Qc1 Qxc5 17. Nde4 Qh5 18. e3 f5 19. f3 Nge5 20. Ng3 Qh4 21. Nge2 Nd3 22.
Qd2 axb2 23. Rab1 Ncb4 24. a3 Rxa3 25. Rxb2 Qf6 26. Rxb4 Nxb4 27. Nb5 Ra4 28.
Qd1 Rfa8 29. Nec3 Ra3 30. Nxa3 Qxc3 31. Nb1 Qc5 32. Qb3+ Kh8 33. Bg3 b5 34. Bf2
Qc4 35. Qxc4 bxc4 36. Rc1 Ra1 37. Bf1 d5 38. e4 e6 39. exd5 exd5 40. Re1 Bf6 41.
Re6 Ra6 42. Re8+ Kg7 43. Rb8 Nc6 44. Rb7+ Kg8 45. Nd2 Ne5 46. Bd4 Rc6 47. Kg2 g5
48. Rb5 g4 49. fxg4 Nxg4 50. Rxd5 c3 51. Bxf6 Ne3+ 52. Kf3 Nxd5 53. Bg5 cxd2 54.
Bxd2 Kg7 55. Bb5 Rb6 56. Bc4 Nf6 57. Bd3 Rd6 58. Ke2 Kg6 59. Bf4 Rd8 60. Bc2 Rc8
61. Bd3 Nd5 62. Bd2 Ra8 63. Bc4 Nf6 64. Kf3 Ra3+ 65. Kg2 Ne4 66. Bf4 h5 67. Bb5
Nf6 68. Bd6 Rb3 69. Ba4 Rb2+ 70. Kh3 Ne4 71. Bf4 Nf6 72. Bd6 Rd2 73. Be5 Kg5 74.
Bc6 Rd3+ 75. Kg2 h4 76. Kf1 h3 77. Ke2 Ra3 78. Bf3 Ra2+ 79. Kf1 Ng4 80. Bg3 h2
81. Bc6 f4 0-1

[Event "Russian Rapid GP 2015"]
[Site "Khanty-Mansiysk RUS"]
[Date "2015.12.14"]
[Round "8"]
[White "Smirnov, Pavel"]
[Black "Ubiennykh, Ekaterina"]
[Result "1-0"]
[WhiteTitle "GM"]
[BlackTitle "WIM"]
[WhiteElo "2595"]
[BlackElo "2283"]
[WhiteFideId "4123425"]
[BlackFideId "4137582"]
[EventDate "2015.12.13"]

1. d4 Nf6 2. c4 g6 3. g3 Bg7 4. Bg2 O-O 5. Nc3 d6 6. Nf3 Nbd7 7. O-O e5 8. b3
exd4 9. Nxd4 Nc5 10. e4 Re8 11. f3 a5 12. Be3 Nfd7 13. Qd2 Ne5 14. Rad1 a4 15.
h3 axb3 16. axb3 Bd7 17. Qc2 Qc8 18. Kh2 Nc6 19. Nd5 Ra3 20. Rf2 Be6 21. Qc1 Ra8
22. Nb5 Nxb3 23. Qc2 Na1 24. Qb1 Bxd5 25. cxd5 Na5 26. Rc1 N1b3 27. Rxc7 Qd8 28.
Qd3 Re7 29. Rfc2 Rxc7 30. Rxc7 Qf6 31. Qc2 h5 32. Bf4 Bf8 33. Rc8 Rxc8 34. Qxc8
Kg7 35. Bh6+ Kxh6 36. Qxf8+ Qg7 37. Qxd6 Nc4 38. Qc7 Nbd2 39. Nd6 Nxd6 40. Qxd6
Qb2 41. Qf8+ Kh7 42. Qxf7+ Kh6 43. h4 Nf1+ 44. Kg1 Qd4+ 45. Kxf1 Qd1+ 46. Kf2
Qd4+ 47. Ke2 Qb2+ 48. Kd3 Qxg2 49. Qf4+ Kg7 50. d6 Qf1+ 51. Kd4 b5 52. Kc5 Qc4+
53. Kb6 b4 54. Qe5+ Kh7 55. d7 1-0

[Event "Russian Rapid GP 2015"]
[Site "Khanty-Mansiysk RUS"]
[Date "2015.12.14"]
[Round "8"]
[White "Dordzhieva, Dinara"]
[Black "Girya, Olga"]
[Result "1-0"]
[WhiteTitle "WIM"]
[BlackTitle "WGM"]
[WhiteElo "2230"]
[BlackElo "2456"]
[WhiteFideId "24157570"]
[BlackFideId "4195752"]
[EventDate "2015.12.13"]

1. Nf3 d5 2. c4 c6 3. e3 Nf6 4. b3 e6 5. Bb2 Bd6 6. Qc2 O-O 7. Be2 b6 8. Rg1 c5
9. g4 Nc6 10. g5 Nd7 11. Nc3 Ba6 12. a3 Ne7 13. h4 Bb7 14. h5 a6 15. Nh4 g6 16.
f4 d4 17. Ne4 Bxe4 18. Qxe4 Nf5 19. Nf3 Qc7 20. hxg6 hxg6 21. O-O-O b5 22. exd4
cxd4 23. Nxd4 Nc5 24. Qc2 Bxf4 25. Nxf5 exf5 26. Qc3 f6 27. gxf6 Kf7 28. Bh5 Rg8
29. Bf3 Rad8 30. Rh1 Rh8 31. Bd5+ Ne6 32. Rde1 Rxd5 33. Rxh8 Bxd2+ 34. Qxd2 Rxd2
35. Rh7+ Kf8 36. Rxc7 Rxb2 37. Rxe6 1-0

[Event "Russian Rapid GP 2015"]
[Site "Khanty-Mansiysk RUS"]
[Date "2015.12.14"]
[Round "8"]
[White "Alekseev, Evgeny"]
[Black "Maletin, Pavel"]
[Result "1/2-1/2"]
[WhiteTitle "GM"]
[BlackTitle "GM"]
[WhiteElo "2642"]
[BlackElo "2577"]
[WhiteFideId "4138147"]
[BlackFideId "4146786"]
[EventDate "2015.12.13"]

1. d4 d5 2. c4 e6 3. Nf3 Nf6 4. e3 b6 5. Bd3 Bb7 6. O-O Bd6 7. cxd5 exd5 8. Nc3
a6 9. b3 Nbd7 10. Bb2 O-O 11. Ne2 Qe7 12. Ng3 g6 13. Rc1 Ne4 14. Qc2 Rac8 15.
Qe2 b5 16. a4 c6 17. Rc2 f5 18. Rfc1 h5 19. Nf1 h4 20. Ne1 h3 21. g3 Rfe8 22. f3
Nef6 23. Qd1 bxa4 1/2-1/2

[Event "Russian Rapid GP 2015"]
[Site "Khanty-Mansiysk RUS"]
[Date "2015.12.14"]
[Round "9"]
[White "Maletin, Pavel"]
[Black "Bocharov, Dmitry"]
[Result "1/2-1/2"]
[WhiteTitle "GM"]
[BlackTitle "GM"]
[WhiteElo "2577"]
[BlackElo "2558"]
[WhiteFideId "4146786"]
[BlackFideId "4138716"]
[EventDate "2015.12.13"]

1. d4 Nf6 2. c4 e6 3. Nf3 b6 4. g3 Bb7 5. Bg2 Be7 6. O-O O-O 7. d5 exd5 8. Nh4
c6 9. cxd5 Nxd5 10. Nf5 Nc7 11. e4 d5 12. Nc3 Bf6 13. exd5 Nxd5 14. Nxd5 cxd5
15. Ne3 Nd7 16. Nxd5 Nc5 17. Re1 Rc8 18. Nxf6+ Qxf6 19. Qe2 1/2-1/2

[Event "Russian Rapid GP 2015"]
[Site "Khanty-Mansiysk RUS"]
[Date "2015.12.14"]
[Round "9"]
[White "Shomoev, Anton"]
[Black "Alekseev, Evgeny"]
[Result "0-1"]
[WhiteTitle "GM"]
[BlackTitle "GM"]
[WhiteElo "2561"]
[BlackElo "2642"]
[WhiteFideId "4135148"]
[BlackFideId "4138147"]
[EventDate "2015.12.13"]

1. e4 e5 2. Nf3 Nc6 3. Bb5 Nf6 4. O-O Nxe4 5. Re1 Nd6 6. Nxe5 Be7 7. Bf1 Nf5 8.
Nf3 d5 9. d4 O-O 10. c3 Bd6 11. Bd3 Re8 12. Rxe8+ Qxe8 13. Qc2 g6 14. Nbd2 Nce7
15. Nf1 f6 16. c4 c6 17. Bd2 Qf7 18. Re1 Bd7 19. c5 Bc7 20. b4 Ng7 21. Ne3 Re8
22. Rb1 a6 23. h3 Nef5 24. Ng4 Kh8 25. a4 h5 26. Nh6 Nxh6 27. Bxh6 Kh7 28. Nh4
Nf5 29. Bxf5 Bxf5 30. Nxf5 gxf5 31. Bf4 Bxf4 32. Qxf5+ Qg6 33. Qd7+ Kh6 0-1

[Event "Russian Rapid GP 2015"]
[Site "Khanty-Mansiysk RUS"]
[Date "2015.12.14"]
[Round "9"]
[White "Girya, Olga"]
[Black "Anikonov, Dmitry"]
[Result "1-0"]
[WhiteTitle "WGM"]
[BlackTitle "FM"]
[WhiteElo "2456"]
[BlackElo "2370"]
[WhiteFideId "4195752"]
[BlackFideId "24178012"]
[EventDate "2015.12.13"]

1. d4 d6 2. Nf3 Nc6 3. Bf4 g6 4. c3 Bg7 5. e4 Nf6 6. d5 Nb8 7. Nbd2 O-O 8. Bd3
e5 9. dxe6 Bxe6 10. O-O Nc6 11. Re1 Re8 12. h3 Nd7 13. Ng5 Nc5 14. Nxe6 Nxe6 15.
Be3 Qf6 16. Bf1 Rad8 17. Qb3 Rb8 18. Rad1 a6 19. Qc2 h5 20. Nf3 Ne5 21. Nxe5
Qxe5 22. h4 Nc5 23. Bxc5 Qxc5 24. Qb3 b5 25. Rd5 Qb6 26. g3 Re5 27. Rxe5 Bxe5
28. Re3 a5 29. Rf3 Rf8 30. Bxb5 Kg7 31. Qd5 f6 32. a4 c5 33. Kg2 Qc7 34. Bc4 Qe7
35. Qd2 Qd7 36. b3 Qg4 37. Qd5 Qd7 38. Rd3 Qg4 39. Qb7+ Kh6 40. Qe7 Qxe4+ 41.
Rf3 Rh8 42. Qf7 f5 43. Bd5 Qg4 44. Be6 Qe4 45. Bd5 Qg4 46. Be6 Qe4 47. Qe7 Qg4
48. Qb7 Rh7 49. Qa8 Qe4 50. Bd5 Qg4 51. Qxa5 f4 52. Qd8 Qf5 53. Qg5+ Qxg5 54.
hxg5+ Kxg5 55. b4 cxb4 56. gxf4+ Bxf4 57. cxb4 Ra7 58. Ra3 Bd2 59. b5 Ba5 60.
Rb3 Bb6 61. Ra3 Kf5 62. Rf3+ Ke5 63. Bb3 d5 64. Rg3 Kd4 65. Rxg6 Ba5 66. Rg5 Rd7
67. Rxh5 Kc5 68. f4 Bc7 69. Kf3 Bb8 70. Kg4 Rg7+ 71. Rg5 Rd7 72. Ba2 Rd8 73. f5
d4 74. f6+ Kb4 75. f7 Rf8 76. Rg8 Bd6 77. Rxf8 Bxf8 78. b6 d3 79. b7 1-0

[Event "Russian Rapid GP 2015"]
[Site "Khanty-Mansiysk RUS"]
[Date "2015.12.14"]
[Round "9"]
[White "Ubiennykh, Ekaterina"]
[Black "Pridorozhni, Aleksei"]
[Result "0-1"]
[WhiteTitle "WIM"]
[BlackTitle "GM"]
[WhiteElo "2283"]
[BlackElo "2563"]
[WhiteFideId "4137582"]
[BlackFideId "4127870"]
[EventDate "2015.12.13"]

1. d4 d6 2. Bg5 Bf5 3. Nc3 d5 4. e4 dxe4 5. f3 e3 6. Bd3 Bg6 7. Bxg6 hxg6 8. Qd3
c6 9. O-O-O Nf6 10. Nge2 e6 11. Nf4 Be7 12. h4 Nbd7 13. Rhe1 Qa5 14. Rxe3 O-O-O
15. Qc4 Kb8 16. Qb3 Nd5 17. Nfxd5 Bxg5 18. hxg5 cxd5 19. Nb5 Nb6 20. Rc3 Nc4 21.
a4 Rc8 22. Na3 Nb6 23. Rxc8+ Rxc8 24. Nb5 Nc4 25. Na3 Nb6 26. Nb5 Qxa4 27. Qxa4
Nxa4 28. b3 Nb6 29. Kd2 Rd8 30. Rh1 a6 31. Nc3 Kc7 32. Rh7 Rg8 33. Ne2 Kc6 34.
Nf4 Nd7 35. Nd3 a5 36. f4 b5 37. Kc3 Kd6 38. Kb2 f6 39. gxf6 gxf6 40. Rf7 g5 41.
g3 gxf4 42. gxf4 Rc8 43. b4 axb4 44. Nxb4 Rc4 45. c3 Nb6 46. Na2 b4 47. Rxf6 Ke7
48. Rh6 Na4+ 49. Kb3 bxc3 50. Rh7+ Kf6 51. Ra7 c2 52. Rxa4 c1=Q 53. Nxc1 Rxc1
54. Ra8 Rc4 55. Rf8+ Ke7 56. Rh8 Rxd4 57. f5 exf5 58. Kc3 Re4 59. Rh6 Re6 60.
Rh7+ Kd6 61. Kd4 Re4+ 62. Kd3 Ke5 63. Rd7 Kf4 64. Rxd5 Re8 65. Kd2 Kg4 66. Kd1
f4 67. Rd3 0-1

[Event "Russian Rapid GP 2015"]
[Site "Khanty-Mansiysk RUS"]
[Date "2015.12.14"]
[Round "9"]
[White "Evdokimov, Alexander A."]
[Black "Smirnov, Pavel"]
[Result "0-1"]
[WhiteTitle "GM"]
[BlackTitle "GM"]
[WhiteElo "2490"]
[BlackElo "2595"]
[WhiteFideId "4139275"]
[BlackFideId "4123425"]
[EventDate "2015.12.13"]

1. d4 d5 2. c4 e6 3. Nf3 Nf6 4. g3 Be7 5. Bg2 O-O 6. O-O c6 7. Qc2 b6 8. b3 Bb7
9. Rd1 Nbd7 10. Nc3 Ba6 11. Qd3 c5 12. a4 Qc8 13. Nb5 Bb7 14. Ba3 dxc4 15. Qxc4
Bd5 16. Qc2 Qb7 17. Rac1 Rac8 18. Qb1 Rfd8 19. Ne1 Bf8 20. Qb2 Bxg2 21. Nxg2 a6
22. Nc3 b5 23. axb5 axb5 24. Bxc5 Nxc5 25. dxc5 Bxc5 26. e3 Bf8 27. Ne1 Rxd1 28.
Nxd1 Rd8 29. Qe2 Ne4 30. Nc3 Rc8 31. Qd3 Ng5 32. Ng2 Nf3+ 33. Kh1 b4 34. Ne2
Rxc1+ 35. Nxc1 Qc6 36. Qd1 g5 37. Nd3 Qc3 38. h3 Nd2 39. Nc1 Ne4 40. Nd3 Qxd3 0-1

[Event "Russian Rapid GP 2015"]
[Site "Khanty-Mansiysk RUS"]
[Date "2015.12.14"]
[Round "10"]
[White "Bocharov, Dmitry"]
[Black "Belous, Vladimir"]
[Result "0-1"]
[WhiteTitle "GM"]
[BlackTitle "GM"]
[WhiteElo "2558"]
[BlackElo "2557"]
[WhiteFideId "4138716"]
[BlackFideId "4174003"]
[EventDate "2015.12.13"]

1. Nf3 c5 2. g3 Nf6 3. Bg2 Nc6 4. O-O d5 5. d4 Qb6 6. dxc5 Qxc5 7. Nc3 Bg4 8. h3
Bf5 9. g4 Be6 10. Be3 Qa5 11. a3 g6 12. Ng5 Bg7 13. b4 Qd8 14. b5 Na5 15. Bd4
O-O 16. f4 Bd7 17. Qd3 Rc8 18. Kh1 e6 19. a4 Nc4 20. e4 e5 21. fxe5 Nxg4 22.
Nxf7 Qh4 23. e6 Bxe6 24. Bxg7 Rxf7 25. Rxf7 Bxf7 26. Bd4 Nce5 27. Bxe5 Nf2+ 28.
Kg1 Nxd3 29. cxd3 Qe7 30. Bd4 Rxc3 0-1

[Event "Russian Rapid GP 2015"]
[Site "Khanty-Mansiysk RUS"]
[Date "2015.12.14"]
[Round "10"]
[White "Pridorozhni, Aleksei"]
[Black "Evdokimov, Alexander A."]
[Result "0-1"]
[WhiteTitle "GM"]
[BlackTitle "GM"]
[WhiteElo "2563"]
[BlackElo "2490"]
[WhiteFideId "4127870"]
[BlackFideId "4139275"]
[EventDate "2015.12.13"]

1. e4 c6 2. Nc3 d5 3. Qe2 d4 4. Nd1 e5 5. g3 Bd6 6. Bg2 c5 7. d3 Nc6 8. f4 Nge7
9. f5 Qc7 10. Nf3 Bd7 11. g4 h6 12. c4 O-O-O 13. h4 Kb8 14. Nf2 Nc8 15. b3 Rdg8
16. a3 Be7 17. g5 hxg5 18. Nxg5 Be8 19. Bd2 Nb6 20. Rb1 Qd8 21. Qd1 a5 22. Bf3
g6 23. Bg4 Nd7 24. fxg6 Rxg6 25. Bf5 Rgh6 26. Nf3 Rh5 27. Bg4 R5h7 28. h5 Nf6
29. h6 Nxg4 30. Nxg4 Rg8 31. Nf2 Qd6 32. Ke2 Bf8 33. Rh4 Bd7 34. Qh1 Be7 35. Rh5
Rg6 36. Rg1 Bd8 37. Qh2 Rxg1 38. Qxg1 Rh8 39. Qh2 f6 40. Qg2 Qe6 41. Nh4 Be8 42.
Rf5 Ne7 43. Qf3 Nxf5 44. exf5 Qf7 45. Ng6 Rg8 46. Ne4 Bc6 47. Qh5 Bxe4 48. dxe4
a4 49. h7 Rh8 50. Qf3 Rxh7 51. Kd1 Rh2 52. Qd3 axb3 53. Qxb3 Qh7 54. Kc1 Qh3 0-1

[Event "Russian Rapid GP 2015"]
[Site "Khanty-Mansiysk RUS"]
[Date "2015.12.14"]
[Round "10"]
[White "Dordzhieva, Dinara"]
[Black "Ubiennykh, Ekaterina"]
[Result "1-0"]
[WhiteTitle "WIM"]
[BlackTitle "WIM"]
[WhiteElo "2230"]
[BlackElo "2283"]
[WhiteFideId "24157570"]
[BlackFideId "4137582"]
[EventDate "2015.12.13"]

1. Nf3 Nf6 2. c4 g6 3. g3 Bg7 4. Bg2 O-O 5. O-O d6 6. Nc3 e5 7. d4 Nbd7 8. h3
exd4 9. Nxd4 Nc5 10. e4 Re8 11. Re1 a5 12. Qc2 Nfxe4 13. Nxe4 Bxd4 14. Bg5 Qd7
15. Nf6+ Bxf6 16. Bxf6 Re6 17. Qc3 c6 18. Rad1 Qc7 19. h4 h5 20. Kh2 Rxe1 21.
Rxe1 Be6 22. Bf3 Kh7 23. Qd2 Nd7 24. Bc3 Ne5 25. Be2 c5 26. Qf4 f5 27. Bf1 Ng4+
28. Kg1 Bf7 29. f3 Ne5 30. Bxe5 dxe5 31. Qxe5 Rc8 32. f4 Qxe5 33. Rxe5 Rc7 34.
Kf2 b6 35. Ke3 Rd7 36. Be2 Kg7 37. a4 Kf6 38. b3 Rd4 39. Bf3 Be6 40. Bd5 Bd7 41.
Ke2 Rxd5 42. cxd5 b5 43. axb5 Bxb5+ 44. Kd2 a4 45. bxa4 Bxa4 46. Kc3 Bb5 47. d6
Kf7 48. Rxc5 Bd7 49. Re5 1-0